Wage slip (Record no. 69987)
[ view plain ]
| 000 -LEADER | |
|---|---|
| fixed length control field | 01330cam a2200241 4500 |
| 001 - CONTROL NUMBER | |
| control field | ABS65432 |
| 008 - FIXED-LENGTH DATA ELEMENTS--GENERAL INFORMATION | |
| fixed length control field | 020416n2002 000 0 eng u |
| 035 ## - SYSTEM CONTROL NUMBER | |
| System control number | (Sirsi) u117506 |
| 100 ## - MAIN ENTRY--PERSONAL NAME | |
| Personal name | Barrett, C |
| 245 ## - TITLE STATEMENT | |
| Title | Wage slip |
| 260 ## - PUBLICATION, DISTRIBUTION, ETC. | |
| Date of publication, distribution, etc. | 2002 |
| 490 ## - SERIES STATEMENT | |
| Series statement | Property Week |
| Volume/sequential designation | 67(9) 8 March 2002, 36-41(6) |
| 520 ## - SUMMARY, ETC. | |
| Summary, etc. | Summarises the key findings of the RICS and Macdonald & Company survey of surveyors' salaries. Results are based on responses from 3 099 participants spanning the profession. The average salary across the industry without bonuses now stands at £35 517, an increase on £34 710 for 2001. While surveyors in fund management and investment brokerage benefit from the biggest increases, the annual salary for surveyors of 56 years old and above has fallen for the first time by 10%. The survey also reveals that dissatisfaction among new recruits is growing with almost 50% stating they would leave the profession if they were no longer in their current job. 2002 Salary Survey available from http://www.rics.org. Graphs. Charts. |
| 590 ## - LOCAL NOTE (RLIN) | |
| Local note | ABS |
| 650 ## - SUBJECT ADDED ENTRY--TOPICAL TERM | |
| Topical term or geographic name entry element | RICS |
| 650 ## - SUBJECT ADDED ENTRY--TOPICAL TERM | |
| Topical term or geographic name entry element | MACDONALD AND COMPANY |
| 650 ## - SUBJECT ADDED ENTRY--TOPICAL TERM | |
| Topical term or geographic name entry element | SALARY SURVEYS |
| 650 ## - SUBJECT ADDED ENTRY--TOPICAL TERM | |
| Topical term or geographic name entry element | SURVEYORS |
| 650 ## - SUBJECT ADDED ENTRY--TOPICAL TERM | |
| Topical term or geographic name entry element | SURVEYING PROFESSION |
| 690 ## - LOCAL SUBJECT ADDED ENTRY--TOPICAL TERM (OCLC, RLIN) | |
| Topical term or geographic name as entry element | MANAGEMENT-BUSINESS MANAGEMENT-PROFESSIONAL PRACTICE |
| 700 ## - ADDED ENTRY--PERSONAL NAME | |
| Personal name | Parker, S |
| 942 ## - ADDED ENTRY ELEMENTS (KOHA) | |
| Suppress in OPAC | 0 |
| Withdrawn status | Lost status | Source of classification or shelving scheme | Damaged status | Not for loan | Home library | Current library | Shelving location | Date acquired | Total Checkouts | Full call number | Barcode | Date last seen | Copy number | Price effective from | Koha item type |
|---|---|---|---|---|---|---|---|---|---|---|---|---|---|---|---|
| Dewey Decimal Classification | London | London | Journal article | 16/04/2002 | ABS65432 | 117506-1001 | 06/08/2019 | 1 | 06/08/2019 | Journal article |